000 03308cam a22006014i 4500
003 PE-LiUPU
005 20250731180056.0
008 150625s r 000 0 d
020 _a9681832612
035 _a(Sirsi) i9789681832612
040 _aPE-LiUPU
_bspa
_cPE-LiUPU
_erda
049 _aPRUA
082 0 4 _a515.3363
_bK81
_221
100 1 _aKreyszing, Erwin,
_eautor.
245 1 0 _aMatemáticas avanzadas para ingeniería.
_n2 /
_cErwin Kreyszing.
264 1 _aMéxico :
_bNoriega editores,
_c1990.
300 _a688 páginas :
_bilustraciones, diágramas, gráficos ;
_c26 centímetros
336 _atext
_2rdacontent
337 _aunmediated
_2rdamedia
338 _avolume
_2rdacarrier
505 0 _aSeries e integrales de Fourier. -Ecuaciones diferenciales parciales. -Números complejos. Funciones analñíticas complejas. -Mapeo conforme. -Integrales complejas. -Sucesiones y series. -Series de potencias, series de Taylor, serie de Laurent. -Integración por el método de residuos. -Funciones analíticas complejas y teoría del potencial. -Análisis numérico. -Métodos numéricos en el Álgebra lineal. -Métodos numéricos para las ecuaciones diferenciales. -Optimización. -Probabilidad y estadística.
526 _aSEG44
526 _aSEG26
526 _aP159
526 _aP155
526 _aP154
526 _aP153
526 _aP150
526 _aP100
526 _aP31
526 _aP30
526 _aP26
526 _aP25
526 _aP24
526 _aP22
526 _aP15
526 _aP10
650 0 4 _aMatemáticas para ingenieros.
942 _2ddc
_cBOOK
949 _a515.3363 K81 1
_wDEWEY
_c1
_i35165
_d2016-9-1
_e2016-8-31
_lCCODEBUL1
_mBUL
_n1
_r0
_sY
_tBOOK
_u2015-6-17
_xEDUCACION
_zUNKNOWN
_0COMPRA
_o.STAFF. Colección General
949 _a515.3363 K81 1
_wDEWEY
_c2
_i32946
_lCCODEBUL1
_mBUL
_r0
_sY
_tBOOK
_u2015-6-17
_xEDUCACION
_zUNKNOWN
_0COMPRA
_o.STAFF. Colección General
949 _a515.3363 K81 1
_wDEWEY
_c3
_i32947
_lCCODEBUL1
_mBUL
_r0
_sY
_tBOOK
_u2015-6-17
_xEDUCACION
_zUNKNOWN
_0COMPRA
_o.STAFF. Colección General
949 _a515.3363 K81 1
_wDEWEY
_c4
_i32945
_lCCODEBUL1
_mBUL
_r0
_sY
_tBOOK
_u2015-6-17
_xEDUCACION
_zUNKNOWN
_0COMPRA
_o.STAFF. Colección General
949 _a515.3363 K81 2
_wDEWEY
_c1
_i35166
_lCCODEBUL1
_mBUL
_r0
_sY
_tBOOK
_u2015-6-25
_xEDUCACION
_zUNKNOWN
_0COMPRA
_o.STAFF. Colección General
994 _aC0
_bPEPRU
596 _a1
999 _a515.3363 K81 1
_wDEWEY
_c10527
_i35165
_d10527
_e2016-8-31
_f2021-11-9
_g5
_lCCODEBUL1
_mBUL
_n1
_r0
_sY
_tBOOK
_u2015-6-17
_xINGENIERIA
_zUNKNOWN
_0COMPRA
_o.STAFF. Colección General
999 _a515.3363 K81 1
_wDEWEY
_c2
_i32946
_f2019-12-11
_g4
_lDISCARD
_mBUL
_r0
_sY
_tBOOK
_u2015-6-17
_xEDUCACION
_zUNKNOWN
_0COMPRA
_o.STAFF. Colección General
999 _a515.3363 K81 1
_wDEWEY
_c3
_i32947
_f2021-11-5
_g5
_lCCODEBUL1
_mBUL
_r0
_sY
_tBOOK
_u2015-6-17
_xBIBLIOTECA
_zUNKNOWN
_0COMPRA
_o.STAFF. Colección General
999 _a515.3363 K81 1
_wDEWEY
_c4
_i32945
_d2019-11-21
_e2019-11-21
_f2021-11-5
_g5
_lCCODEBUL1
_mBUL
_n1
_q2
_r0
_sY
_tBOOK
_u2015-6-17
_xBIBLIOTECA
_zUNKNOWN
_0COMPRA
_o.STAFF. Colección General
999 _a515.3363 K81 2
_wDEWEY
_c1
_i35166
_f2021-11-5
_g5
_lCCODEBUL1
_mBUL
_r0
_sY
_tBOOK
_u2015-6-25
_xBIBLIOTECA
_zUNKNOWN
_0COMPRA
_o.STAFF. Colección General
980 _81
_gALBERTO SANCHEZ Responsable de Automatización